[Event "Abruzzo Region-ch"]
[Site "Cappelle sul Tavo"]
[Date "2013.05.25"]
[Round "5"]
[White "Coronel, Joshua"]
[Black "Cerquitella, Luca"]
[Result "0-1"]
[WhiteElo "1948"]
[BlackElo "2291"]
[PlyCount "70"]
[EventDate "2013.05.11"]
[EventType "swiss"]
[EventRounds "7"]
[EventCountry "ITA"]
[SourceTitle "EXT 2015"]
[Source "ChessBase"]
[SourceDate "2014.11.20"]
[SourceVersion "1"]
[SourceVersionDate "2014.11.20"]
[SourceQuality "1"]

1. e4 e5 2. Nf3 Nc6 3. Bb5 a6 4. Ba4 Nf6 5. 0-0 Be7 6. Re1 b5 7. Bb3 d6 8. c3 0-0 9. h3 Na5 10. Bc2 c5 11. d4 Nd7 12. Nbd2 exd4 13. cxd4 Nc6 14. d5 Nce5 15. a4 Rb8 16. axb5 axb5 17. b4 Bf6 18. Ra2 cxb4 19. Nd4 Qb6 20. N2b3 Nc5 21. Bd2 Ned3 22. Re3 Nxb3 23. Nxb3 Nb2 24. Qh5 Nc4 25. Rg3 Be5 26. Rxg7+ Bxg7 27. e5 f5 28. e6 Qd8 29. Ra7 Rb7 30. Rxb7 Bxb7 31. Bxf5 Rxf5 32. Qxf5 Qf6 33. Qxf6 Bxf6 34. Bxb4 Bxd5 35. e7 Kf7 0-1

[Event "Abruzzo Region-ch"]
[Site "Cappelle sul Tavo"]
[Date "2013.05.12"]
[Round "4"]
[White "Di Gregorio, Romeo"]
[Black "Cerquitella, Luca"]
[Result "0-1"]
[WhiteElo "1467"]
[BlackElo "2291"]
[PlyCount "128"]
[EventDate "2013.05.11"]
[EventType "swiss"]
[EventRounds "7"]
[EventCountry "ITA"]
[SourceTitle "EXT 2015"]
[Source "ChessBase"]
[SourceDate "2014.11.20"]
[SourceVersion "1"]
[SourceVersionDate "2014.11.20"]
[SourceQuality "1"]

1. c4 Nc6 2. Nc3 e5 3. g3 g6 4. Bg2 Bg7 5. d3 d6 6. Nf3 Nh6 7. 0-0 0-0 8. Rb1 a5 9. Bg5 f6 10. Bd2 Be6 11. h3 Qd7 12. Kh2 Nf7 13. a3 f5 14. b4 axb4 15. axb4 h6 16. h4 Ne7 17. Ne1 d5 18. cxd5 Nxd5 19. Qc2 Nxc3 20. Bxc3 c6 21. Rb2 Bd5 22. e4 Be6 23. Nf3 Rad8 24. d4 Nd6 25. Nxe5 Bxe5 26. dxe5 Nc4 27. Ra2 f4 28. Re1 b5 29. Raa1 g5 30. Qd1 Qf7 31. Qf3 fxg3+ 32. Qxg3 Qxf2 33. Rf1 Qxg3+ 34. Kxg3 Rd3+ 35. Kh2 Rxc3 36. Rxf8+ Kxf8 37. Ra8+ Ke7 38. Ra7+ Bd7 39. e6 Kxe6 40. Bh3+ Rxh3+ 41. Kxh3 Kd6+ 42. Kg3 gxh4+ 43. Kxh4 Ne5 44. Ra1 Bg4 45. Kg3 h5 46. Ra2 Ke6 47. Rc2 Bd1 48. Rd2 Bb3 49. Kf4 Bc4 50. Rh2 h4 51. Rh1 Nd3+ 52. Ke3 Nxb4 53. Rxh4 Kd6 54. Rh6+ Be6 55. Kd4 c5+ 56. Kc3 Nc6 57. Rh5 b4+ 58. Kb2 Ne5 59. Kc2 c4 60. Rh8 Nc6 61. Re8 Nd4+ 62. Kb1 c3 63. Rb8 b3 64. e5+ Kxe5 0-1

[Event "Abruzzo Region-ch"]
[Site "Cappelle sul Tavo"]
[Date "2013.05.11"]
[Round "1"]
[White "Marrocco, Dario"]
[Black "Cerquitella, Luca"]
[Result "0-1"]
[WhiteElo "1723"]
[BlackElo "2291"]
[PlyCount "40"]
[EventDate "2013.05.11"]
[EventType "swiss"]
[EventRounds "7"]
[EventCountry "ITA"]
[SourceTitle "EXT 2015"]
[Source "ChessBase"]
[SourceDate "2014.11.20"]
[SourceVersion "1"]
[SourceVersionDate "2014.11.20"]
[SourceQuality "1"]

1. e4 Nc6 2. Nf3 e5 3. d4 exd4 4. Nxd4 Qf6 5. Be3 Bc5 6. c3 Nge7 7. Be2 b6 8. 0-0 Bb7 9. Nb5 0-0-0 10. Bxc5 bxc5 11. Nd2 Ng6 12. Qa4 Nf4 13. Bf3 a6 14. Na3 Ne5 15. Nac4 Nxf3+ 16. Nxf3 Qg6 17. g3 Nh3+ 18. Kg2 Qxe4 19. Nd6+ cxd6 20. Qxe4 Bxe4 0-1

[Event "Montecatini Terme op"]
[Site "Montecatini Terme"]
[Date "2011.08.06"]
[Round "8"]
[White "Cerquitella, Luca"]
[Black "Madiai, Federico"]
[Result "1-0"]
[WhiteElo "2283"]
[BlackElo "2195"]
[PlyCount "99"]
[EventDate "2011.07.31"]
[EventType "swiss"]
[EventRounds "9"]
[EventCountry "ITA"]
[SourceTitle "CBM 143 Extra"]
[Source "ChessBase"]
[SourceDate "2011.08.29"]
[SourceVersion "1"]
[SourceVersionDate "2011.08.29"]
[SourceQuality "1"]

1. e4 e5 2. Nf3 Nc6 3. Bc4 Nf6 4. d4 exd4 5. e5 d5 6. Bb5 Ne4 7. Nxd4 Bd7 8. Bxc6 bxc6 9. Be3 c5 10. Nb3 d4 11. Bf4 Ng5 12. 0-0 Ne6 13. Bc1 Bb5 14. Re1 c4 15. a4 Ba6 16. Qf3 Bb4 17. Qc6+ Ke7 18. Bd2 Bxd2 19. N3xd2 Qc8 20. Na3 Rb8 21. Nb5 Rb6 22. Qxc4 c6 23. Nd6 Qb8 24. Qa2 Rxb2 25. Qa3 Qb4 26. Qf3 Rf8 27. Qxc6 Qxd2 28. Nf5+ Kd8 29. Qd6+ Kc8 30. Qxa6+ Kb8 31. Qd6+ Ka8 32. Qc6+ Kb8 33. Reb1 Qb4 34. Qd6+ Qxd6 35. Nxd6 Rxb1+ 36. Rxb1+ Ka8 37. Rb4 f6 38. exf6 Rxf6 39. g3 Ng5 40. Nb5 Rb6 41. f4 Ne6 42. Rc4 Kb7 43. Nxd4 Nc7 44. Nb3 Rd6 45. Kf2 Nd5 46. Rd4 Kc6 47. Kf3 Re6 48. Rc4+ Kd6 49. Nd4 Re3+ 50. Kf2 1-0

[Event "Abruzzo Region-ch"]
[Site "Teramo"]
[Date "2011.05.29"]
[Round "5"]
[White "Cerquitella, Luca"]
[Black "Viviani, Alessio"]
[Result "1-0"]
[WhiteElo "2273"]
[BlackElo "1956"]
[PlyCount "41"]
[EventDate "2011.05.21"]
[EventType "swiss"]
[EventRounds "6"]
[EventCountry "ITA"]
[SourceTitle "EXT 2024"]
[Source "ChessBase"]
[SourceDate "2023.10.10"]
[SourceVersion "1"]
[SourceVersionDate "2023.10.10"]
[SourceQuality "1"]

1. e4 c5 2. c3 d5 3. exd5 Qxd5 4. d4 Nf6 5. Nf3 Bg4 6. Nbd2 cxd4 7. Bc4 Qa5 8. Qb3 e6 9. Qxb7 Bxf3 10. Nxf3 Bd6 11. Qxa8 0-0 12. Qb7 dxc3 13. 0-0 Qh5 14. bxc3 e5 15. Re1 Bc5 16. Be3 Bxe3 17. fxe3 e4 18. Ng5 Nbd7 19. Qb5 Ng4 20. h3 Nge5 21. Nxf7 1-0

[Event "Abruzzo Region-ch"]
[Site "Teramo"]
[Date "2011.05.29"]
[Round "6"]
[White "Di Matteo, Giovanni"]
[Black "Cerquitella, Luca"]
[Result "0-1"]
[WhiteElo "2004"]
[BlackElo "2273"]
[PlyCount "64"]
[EventDate "2011.05.21"]
[EventType "swiss"]
[EventRounds "6"]
[EventCountry "ITA"]
[SourceTitle "EXT 2024"]
[Source "ChessBase"]
[SourceDate "2023.10.10"]
[SourceVersion "1"]
[SourceVersionDate "2023.10.10"]
[SourceQuality "1"]

1. d4 c5 2. Nf3 cxd4 3. Nxd4 Nf6 4. c3 g6 5. g3 Bg7 6. Bg2 0-0 7. 0-0 d5 8. Nd2 e5 9. N4b3 Nc6 10. e4 d4 11. Nc4 Be6 12. Nxe5 Nxe5 13. cxd4 Bc4 14. dxe5 Bxf1 15. Qxf1 Ng4 16. Qe2 Nxe5 17. f4 Qd3 18. Qxd3 Nxd3 19. e5 Rac8 20. Bxb7 Nxc1 21. Bxc8 Nxb3 22. axb3 Rxc8 23. Rxa7 Rc2 24. Rb7 Rxb2 25. b4 Bf8 26. b5 Bc5+ 27. Kh1 h5 28. h3 Bf2 29. g4 Bg3 30. gxh5 gxh5 31. Rb8+ Kg7 32. Rb7 Re2 0-1

[Event "Porto San Giorgio op-A 21st"]
[Site "Porto San Giorgio"]
[Date "2009.08.24"]
[Round "4"]
[White "Calavalle, Giulio"]
[Black "Cerquitella, Luca"]
[Result "1/2-1/2"]
[WhiteElo "2228"]
[BlackElo "2261"]
[PlyCount "31"]
[EventDate "2009.08.21"]
[EventType "swiss"]
[EventRounds "9"]
[EventCountry "ITA"]
[SourceTitle "CBM 131 Extra"]
[Source "ChessBase"]
[SourceDate "2009.09.03"]
[SourceVersion "2"]
[SourceVersionDate "2009.09.16"]
[SourceQuality "1"]

1. e4 Nc6 2. Nc3 e6 3. Bc4 Bb4 4. a3 Ba5 5. b4 Bb6 6. Nf3 Nge7 7. d3 d5 8. Ba2 0-0 9. 0-0 Nd4 10. Nd2 c6 11. Bb2 e5 12. Kh1 dxe4 13. Ncxe4 Ng6 14. Nc4 Bc7 15. Ne3 Kh8 16. c3 1/2-1/2

[Event "Porto San Giorgio op-A 21st"]
[Site "Porto San Giorgio"]
[Date "2009.08.22"]
[Round "2"]
[White "Sanikidze, Tornike"]
[Black "Cerquitella, Luca"]
[Result "1-0"]
[WhiteElo "2559"]
[BlackElo "2261"]
[PlyCount "123"]
[EventDate "2009.08.21"]
[EventType "swiss"]
[EventRounds "9"]
[EventCountry "ITA"]
[SourceTitle "CBM 131 Extra"]
[Source "ChessBase"]
[SourceDate "2009.09.03"]
[SourceVersion "2"]
[SourceVersionDate "2009.09.16"]
[SourceQuality "1"]

1. d4 Nf6 2. c4 c5 3. e3 e6 4. Nf3 cxd4 5. exd4 d5 6. Nc3 Be7 7. Bd3 dxc4 8. Bxc4 0-0 9. 0-0 Nc6 10. a3 b6 11. Qd3 Bb7 12. Ba2 Qd6 13. Bg5 Rfd8 14. Rad1 Ng4 15. Ne4 Qc7 16. Qc2 Rac8 17. h3 Bxg5 18. Nexg5 Nf6 19. d5 exd5 20. Rxd5 Rxd5 21. Bxd5 Nd8 22. Qxc7 Rxc7 23. Bxb7 Nxb7 24. Nd4 h6 25. Ngf3 Nc5 26. Ne5 a6 27. Rd1 Na4 28. Rd2 Rc1+ 29. Kh2 Rb1 30. b3 Nc5 31. b4 Nb3 32. Nxb3 Rxb3 33. Rd6 Rxa3 34. Rxb6 Nd5 35. Rb8+ Kh7 36. Nxf7 Rb3 37. Rh8+ Kg6 38. Ne5+ Kf6 39. Nc6 Rc3 40. Rf8+ Kg6 41. Ne5+ Kh7 42. f4 Rc2 43. f5 Ne3 44. Kg3 h5 45. Kf4 Nd5+ 46. Ke4 Nf6+ 47. Kf3 Rc3+ 48. Ke2 Rc2+ 49. Kf1 Rc1+ 50. Kf2 Rb1 51. Nf7 Ng8 52. Ng5+ Kh8 53. g4 hxg4 54. hxg4 Rxb4 55. Kg3 Rb3+ 56. Kh4 Rb1 57. Ne6 Rb7 58. Ra8 Kh7 59. g5 Rb4+ 60. Kh5 Rb7 61. g6+ Kh8 62. Ng5 1-0

[Event "Porto Sant Elpidio op-A 10th"]
[Site "Porto Sant Elpidio"]
[Date "2007.11.25"]
[Round "3"]
[White "Cerquitella, Luca"]
[Black "Rinaudo, Sergio"]
[Result "1-0"]
[WhiteElo "2238"]
[BlackElo "2127"]
[PlyCount "75"]
[EventDate "2007.11.24"]
[EventType "swiss"]
[EventRounds "6"]
[EventCountry "ITA"]
[SourceTitle "EXT 2010"]
[Source "ChessBase"]
[SourceDate "2010.11.25"]
[SourceVersion "1"]
[SourceVersionDate "2010.11.25"]
[SourceQuality "1"]

1. e4 e5 2. Bc4 Nf6 3. d3 Nc6 4. Nf3 h6 5. 0-0 Bc5 6. c3 d6 7. Nbd2 0-0 8. Re1 Re8 9. Nf1 a6 10. Bb3 Ng4 11. Re2 Be6 12. h3 Nf6 13. Bxe6 fxe6 14. d4 exd4 15. cxd4 Bb6 16. Ng3 e5 17. d5 Nd4 18. Nxd4 Bxd4 19. Nf5 c5 20. dxc6 bxc6 21. Nxd4 exd4 22. Qxd4 d5 23. e5 Ne4 24. Bf4 Qh4 25. Bh2 Qh5 26. Rc2 Re6 27. Rxc6 Qe8 28. Rxe6 Qxe6 29. Rd1 Rd8 30. h4 Rc8 31. Bf4 Rc2 32. f3 Nf2 33. Rd2 Nh3+ 34. gxh3 Rc1+ 35. Kh2 Qg6 36. Qxd5+ Kh8 37. Qa8+ Kh7 38. Qe4 1-0

[Event "Porto San Giorgio op"]
[Site "Porto San Giorgio"]
[Date "2007.08.24"]
[Round "4"]
[White "Cerquitella, Luca"]
[Black "Jovanic, Ognjen"]
[Result "0-1"]
[WhiteElo "2196"]
[BlackElo "2491"]
[PlyCount "108"]
[EventDate "2007.08.21"]
[EventType "swiss"]
[EventRounds "9"]
[EventCountry "ITA"]
[SourceTitle "CBM 120 Extra"]
[Source "ChessBase"]
[SourceDate "2007.11.01"]
[SourceVersion "1"]
[SourceVersionDate "2007.11.01"]
[SourceQuality "1"]

1. e4 c5 2. Nf3 e6 3. c3 Nf6 4. Bd3 d5 5. e5 Nfd7 6. Bc2 c4 7. 0-0 Nc6 8. Re1 g5 9. d4 cxd3 10. Ba4 h6 11. Nd4 Qb6 12. Qxd3 Bc5 13. Bxc6 bxc6 14. b4 Be7 15. Nb3 Ba6 16. Qg3 Qc7 17. N1d2 Rc8 18. Bb2 c5 19. Rac1 Qb8 20. a3 cxb4 21. axb4 Nf8 22. Ra1 Bc4 23. Nxc4 Rxc4 24. Nd2 Rc7 25. Nf3 Ng6 26. Nd4 Rc4 27. Qe3 0-0 28. g3 Kh7 29. Qe2 Bd8 30. b5 Bc7 31. Qc2 Rg8 32. Kh1 Kh8 33. Nc6 Qxb5 34. Nxa7 Qc5 35. Bc1 Rxc3 36. Qe2 Bxe5 37. Bb2 d4 38. Bxc3 dxc3 39. Qb5 Qxb5 40. Nxb5 Rb8 41. Ra5 Kg7 42. Rc1 Rc8 43. Ra3 Ne7 44. f4 Bf6 45. Nd6 Rd8 46. Ne4 Nd5 47. Nxf6 Kxf6 48. fxg5+ hxg5 49. Kg2 Kg6 50. Ra6 Rb8 51. Ra2 Rb4 52. Kf3 g4+ 53. Kg2 Rd4 54. Kf2 Rd2+ 0-1

[Event "Porto Sant Elpidio op-A 9th"]
[Site "Porto Sant Elpidio"]
[Date "2006.11.19"]
[Round "3"]
[White "Rinaudo, Andrea"]
[Black "Cerquitella, Luca"]
[Result "1-0"]
[WhiteElo "2122"]
[BlackElo "2188"]
[PlyCount "65"]
[EventDate "2006.11.18"]
[EventType "swiss"]
[EventRounds "6"]
[EventCountry "ITA"]
[SourceTitle "EXT 2011"]
[Source "ChessBase"]
[SourceDate "2010.11.26"]
[SourceVersion "1"]
[SourceVersionDate "2010.11.26"]
[SourceQuality "1"]

1. e4 Nc6 2. Nc3 e5 3. Nf3 Nf6 4. Bb5 Bb4 5. 0-0 0-0 6. d3 Bxc3 7. bxc3 Qe7 8. Bg5 d6 9. h3 Nd8 10. Bc4 Be6 11. Bb3 Bxb3 12. cxb3 Ne6 13. Be3 Nd7 14. d4 Qf6 15. dxe5 Nxe5 16. Nxe5 dxe5 17. Qg4 a5 18. Rfd1 a4 19. b4 Ra6 20. b5 Ra5 21. Rd5 g6 22. Rad1 a3 23. Qg3 Nf4 24. Bxf4 exf4 25. Qd3 Qe6 26. c4 Ra4 27. Qc2 Raa8 28. Qc3 Rfe8 29. f3 Qb6+ 30. Kf1 c6 31. Qf6 Re6 32. Rd8+ Re8 33. R1d7 1-0

[Event "Porto Sant Elpidio op-A 9th"]
[Site "Porto Sant Elpidio"]
[Date "2006.11.18"]
[Round "1"]
[White "Cesarini, Leopoldo"]
[Black "Cerquitella, Luca"]
[Result "0-1"]
[WhiteElo "1930"]
[BlackElo "2188"]
[PlyCount "66"]
[EventDate "2006.11.18"]
[EventType "swiss"]
[EventRounds "6"]
[EventCountry "ITA"]
[SourceTitle "EXT 2011"]
[Source "ChessBase"]
[SourceDate "2010.11.26"]
[SourceVersion "1"]
[SourceVersionDate "2010.11.26"]
[SourceQuality "1"]

1. Nf3 Nf6 2. g3 d5 3. Bg2 Bf5 4. d3 e6 5. Nbd2 Be7 6. Nh4 Bg4 7. h3 Bh5 8. Nhf3 0-0 9. g4 Bg6 10. Ne5 c5 11. Nxg6 hxg6 12. c4 Nc6 13. 0-0 Rc8 14. f4 Qc7 15. cxd5 exd5 16. f5 gxf5 17. Rxf5 Nd4 18. Rf2 Bd6 19. Nf1 Ne6 20. Bf3 Nf4 21. Bxf4 Bxf4 22. e3 Bg5 23. Bg2 Rfe8 24. Rf3 d4 25. e4 c4 26. Rf5 Re5 27. dxc4 Rxf5 28. exf5 Qxc4 29. Bxb7 Re8 30. b3 Qc3 31. Bg2 d3 32. Qe1 d2 33. Qd1 Re1 0-1

[Event "Pescara op"]
[Site "Pescara"]
[Date "2004.11.12"]
[Round "2"]
[White "Cerquitella, Luca"]
[Black "Luciani, Valerio"]
[Result "1-0"]
[WhiteElo "2180"]
[BlackElo "2182"]
[PlyCount "57"]
[EventDate "2004.11.11"]
[EventType "swiss"]
[EventRounds "6"]
[EventCountry "ITA"]
[SourceTitle "EXT 2005"]
[Source "ChessBase"]
[SourceDate "2004.11.15"]
[SourceVersion "1"]
[SourceVersionDate "2004.11.15"]
[SourceQuality "1"]

1. e4 e6 2. d4 d5 3. Nc3 Bb4 4. e5 c5 5. Qg4 Ne7 6. dxc5 Nbc6 7. Bd2 0-0 8. Nf3 Bxc5 9. Bd3 Ng6 10. Qg3 Bb6 11. h4 Bc7 12. Bxg6 fxg6 13. h5 Rxf3 14. Qxf3 Nxe5 15. Qe2 g5 16. Nb5 Bb8 17. h6 g6 18. Bc3 Nf7 19. 0-0-0 e5 20. Qf3 d4 21. Rhe1 g4 22. Qe2 Bd7 23. Nxd4 exd4 24. Rxd4 Be5 25. Qd3 Qg5+ 26. Bd2 Bf5 27. Bxg5 Bxd3 28. Rxd3 Re8 29. Bd2 1-0

[Event "Pescara op"]
[Site "Pescara"]
[Date "2004.11.12"]
[Round "3"]
[White "Georgiev, Krum"]
[Black "Cerquitella, Luca"]
[Result "1-0"]
[WhiteElo "2448"]
[BlackElo "2180"]
[PlyCount "83"]
[EventDate "2004.11.11"]
[EventType "swiss"]
[EventRounds "6"]
[EventCountry "ITA"]
[SourceTitle "EXT 2005"]
[Source "ChessBase"]
[SourceDate "2004.11.15"]
[SourceVersion "1"]
[SourceVersionDate "2004.11.15"]
[SourceQuality "1"]

1. e4 e5 2. Nf3 Nc6 3. Bb5 a6 4. Bxc6 dxc6 5. d4 exd4 6. Qxd4 Qxd4 7. Nxd4 Bd7 8. Nc3 0-0-0 9. Be3 Ne7 10. 0-0-0 f6 11. h4 Ng6 12. h5 Ne5 13. f3 Bd6 14. Nde2 Rhe8 15. Kb1 c5 16. Nd5 Bc6 17. Nec3 h6 18. Bc1 b5 19. Ne3 Nf7 20. Ncd5 Bxd5 21. Rxd5 c6 22. Rdd1 Bf8 23. b3 Kb7 24. Bb2 Nd6 25. c4 Kb6 26. Kc2 a5 27. a4 bxa4 28. bxa4 f5 29. Nxf5 Nxc4 30. Bc3 Ka6 31. Rxd8 Rxd8 32. Ra1 Nb6 33. g4 Rd7 34. Rd1 Rxd1 35. Kxd1 Nxa4 36. Bxg7 Bxg7 37. Nxg7 Nb2+ 38. Kc2 Nc4 39. g5 hxg5 40. h6 Ne5 41. h7 Ng6 42. e5 1-0

[Event "Porto San Giorgio op 15th"]
[Site "Porto San Giorgo"]
[Date "2003.08.26"]
[Round "6"]
[White "Rotstein, Arkadij"]
[Black "Cerquitella, Luca"]
[Result "1-0"]
[WhiteElo "2544"]
[BlackElo "2125"]
[PlyCount "157"]
[EventDate "2003.08.21"]
[EventType "swiss"]
[EventRounds "9"]
[EventCountry "ITA"]
[SourceTitle "CBM 095 Extra"]
[Source "ChessBase"]
[SourceDate "2003.09.04"]
[SourceVersion "1"]
[SourceVersionDate "2003.09.04"]
[SourceQuality "1"]

1. c4 Nf6 2. Nf3 e6 3. g3 b6 4. Bg2 Bb7 5. 0-0 Be7 6. Nc3 0-0 7. Re1 d5 8. cxd5 Nxd5 9. e4 Nxc3 10. bxc3 Nd7 11. d4 Nf6 12. Qd3 c5 13. Bf4 Qc8 14. h4 Rd8 15. Rac1 Qc6 16. Qb1 Rac8 17. Bg5 h6 18. d5 exd5 19. exd5 Qd7 20. Ne5 Qc7 21. Nc6 Bxc6 22. Bf4 Bd6 23. Bxd6 Rxd6 24. dxc6 Rcd8 25. Qf5 Nd5 26. Qe5 Re6 27. Qxc7 Nxc7 28. a4 Kf8 29. Rxe6 Nxe6 30. Rb1 Rc8 31. a5 bxa5 32. Rb5 a4 33. Ra5 Rc7 34. Kf1 Ke7 35. Ke2 Kd6 36. Kd3 Nd8 37. Rxa4 Nxc6 38. Ra6 Kd7 39. Bxc6+ Rxc6 40. Rxa7+ Rc7 41. Ra5 g6 42. Kc4 Kd6 43. Ra6+ Ke5 44. h5 Kf5 45. Rd6 gxh5 46. Rxh6 Kg5 47. Rd6 f5 48. Rd8 Re7 49. Kxc5 Re2 50. Rg8+ Kf6 51. f4 Rg2 52. Rf8+ Ke6 53. Re8+ Kd7 54. Re3 Rh2 55. Kd4 Kd6 56. Re5 Rd2+ 57. Kc4 Rg2 58. Rxf5 Rxg3 59. Rxh5 Rg4 60. Rf5 Ke6 61. Re5+ Kd6 62. Rd5+ Kc6 63. Rd4 Rg1 64. Kd3 Re1 65. Kd2 Rh1 66. Rd3 Rf1 67. Ke3 Re1+ 68. Kf3 Kc5 69. f5 Rf1+ 70. Ke4 Re1+ 71. Re3 Rf1 72. Ke5 Kc6 73. Ke6 Kc7 74. f6 Kd8 75. f7 Rf2 76. c4 Rf1 77. c5 Rf2 78. c6 Rf1 79. Re5 1-0

[Event "Porto San Giorgio op 15th"]
[Site "Porto San Giorgo"]
[Date "2003.08.24"]
[Round "4"]
[White "Mastrorilli, Nicola Giovanni"]
[Black "Cerquitella, Luca"]
[Result "0-1"]
[WhiteElo "2054"]
[BlackElo "2125"]
[PlyCount "90"]
[EventDate "2003.08.21"]
[EventType "swiss"]
[EventRounds "9"]
[EventCountry "ITA"]
[SourceTitle "CBM 095 Extra"]
[Source "ChessBase"]
[SourceDate "2003.09.04"]
[SourceVersion "1"]
[SourceVersionDate "2003.09.04"]
[SourceQuality "1"]

1. c4 e5 2. g3 Nf6 3. Bg2 d5 4. d3 Be7 5. Nf3 Nc6 6. 0-0 0-0 7. a3 a5 8. b3 d4 9. Qc2 h6 10. Nh4 Be6 11. Nd2 Nd7 12. Bxc6 bxc6 13. Ng2 Bg4 14. e4 Nc5 15. f3 Bh3 16. Rb1 Bg5 17. f4 exf4 18. gxf4 Be7 19. Nf3 Rb8 20. Ne5 Qe8 21. Rf3 Bxg2 22. Kxg2 f5 23. exf5 Rxf5 24. Bd2 Bd6 25. b4 axb4 26. Bxb4 Bxe5 27. Bxc5 Rxb1 28. Qxb1 Rxf4 29. Qf1 Qg6+ 30. Kh1 Rg4 31. Rf2 Rh4 32. Rg2 Qh5 33. Qe2 Bxh2 34. Qxh5 Rxh5 35. Rxh2 Rxc5 36. Rh4 Ra5 37. Rxd4 Rxa3 38. Kg2 Kh7 39. Rd7 h5 40. Rxc7 Rxd3 41. Rxc6 g6 42. Rc7+ Kh6 43. Rc5 h4 44. Rd5 Rxd5 45. cxd5 Kg7 0-1

[Event "Porto San Giorgio op 15th"]
[Site "Porto San Giorgo"]
[Date "2003.08.22"]
[Round "2"]
[White "Orlov, Andrey"]
[Black "Cerquitella, Luca"]
[Result "1-0"]
[WhiteElo "2391"]
[BlackElo "2125"]
[PlyCount "53"]
[EventDate "2003.08.21"]
[EventType "swiss"]
[EventRounds "9"]
[EventCountry "ITA"]
[SourceTitle "CBM 095 Extra"]
[Source "ChessBase"]
[SourceDate "2003.09.04"]
[SourceVersion "1"]
[SourceVersionDate "2003.09.04"]
[SourceQuality "1"]

1. e4 e5 2. Nf3 Nc6 3. Bc4 Bc5 4. c3 Nf6 5. d4 exd4 6. e5 d5 7. Bb5 Ne4 8. cxd4 Bb4+ 9. Bd2 Nxd2 10. Nbxd2 Bd7 11. 0-0 0-0 12. Bxc6 Bxc6 13. a3 Be7 14. Re1 Qd7 15. Rc1 Qf5 16. Nb3 a5 17. Qd2 g5 18. h3 h5 19. Nxa5 Bb5 20. Nxb7 Rfc8 21. Nc5 Kg7 22. Qc2 Qf4 23. g3 Qxf3 24. Re3 Qxe3 25. fxe3 Rab8 26. Qf5 Bc4 27. b3 1-0